Statistické methody při kontrole výroby

Saved in:
Bibliographic Details
Format: Book
Language:Czech
Published: Praha Průmyslové vydavatelství 1950
Tags: Add Tag
No Tags, Be the first to tag this record!

MARC

LEADER 00000nam a2200000 4500
001 0308639
005 20250519133234.9
041 0 |a cze 
044 |a CZ 
245 1 0 |a Statistické methody při kontrole výroby  |c Eduard Kučera 
264 1 |a Praha  |b Průmyslové vydavatelství  |c 1950